=LDR 00000nam 2200000 4500 =001 INLIS000000000014950 =005 20130612110231 =008 ***********************************ind;** =035 ##$$0010-061300000014950 =041 ##$$a ind; =082 ##$$a 639.5 =090 ##$$a 639.5, mus t =100 ##$$a Mustijo, Bambang Agus =245 ##$$a Tambak Air Payau, Budidaya udang Dan Bandeng, Bambang Agus Murtijo =260 ##$$a 1989 $b Yogyakarta =300 ##$$a 138, Hlm, Ilus, 21 Cm =650 ##$$a Tanbak-Bandeng dan Udang =850 ##$$a NBPNMAT